[Event "Hastings Masters 2010-11"]
[Site "Hastings ENG"]
[Date "2010.12.30"]
[Round "3.27"]
[White "Spence, David J"]
[Black "Chkartina, Gerhana"]
[Result "0-1"]
[WhiteElo "2237"]
[BlackElo "2014"]
[PlyCount "68"]
[EventDate "2010.12.28"]

1. e4 d6 2. d4 Nf6 3. Nc3 g6 4. Bg5 Bg7 5. Qd2 h6 6. Bh4 a6 7. a4 b6 8. Nf3 Bb7
9. Bd3 O-O 10. O-O c5 11. dxc5 dxc5 12. Rad1 Nc6 13. e5 Ng4 14. e6 f5 15. Qc1
Nd4 16. Nxd4 cxd4 17. Ne2 Qd6 18. Bg3 Qxe6 19. Nf4 Qc6 20. Be2 e5 21. Bf3 e4
22. Bxg4 fxg4 23. Qd2 g5 24. Nh5 Bh8 25. Qe2 Bc8 26. Rfe1 Bf5 27. h3 gxh3 28.
gxh3 Bxh3 29. Bh2 Rae8 30. Ng3 e3 31. fxe3 dxe3 32. Rf1 Rf2 33. Rxf2 exf2+ 34.
Qxf2 Bd4 0-1

[Event "Hastings Masters 2010-11"]
[Site "Hastings ENG"]
[Date "2010.12.30"]
[Round "3.28"]
[White "Spanton, Tim R"]
[Black "Britton, Richard L"]
[Result "0-1"]
[WhiteElo "2030"]
[BlackElo "2229"]
[PlyCount "68"]
[EventDate "2010.12.28"]

1. c4 Nf6 2. g3 g6 3. Bg2 Bg7 4. Nc3 O-O 5. e4 d6 6. Nge2 c5 7. O-O Nc6 8. d3
Ne8 9. Rb1 Nc7 10. a3 a5 11. Nd5 Bd7 12. Bd2 Nxd5 13. exd5 Ne5 14. Qc2 b5 15.
h3 Bf5 16. Be4 Bxe4 17. dxe4 Nxc4 18. Bc3 Qd7 19. Bxg7 Kxg7 20. b3 Nb6 21. g4
b4 22. axb4 axb4 23. Ng3 Ra3 24. Kh2 Rfa8 25. Rg1 Ra2 26. Rb2 Qa7 27. h4 Rxb2
28. Qxb2+ f6 29. g5 Qa2 30. gxf6+ Kf7 31. Qc1 Qxf2+ 32. Rg2 Qxf6 33. Qh6 Ke8
34. Qxh7 Kd7 0-1

[Event "Hastings Masters 2010-11"]
[Site "Hastings ENG"]
[Date "2010.12.30"]
[Round "3.29"]
[White "Snape, Ian L"]
[Black "Pleininger, Rudolf"]
[Result "1-0"]
[WhiteElo "2228"]
[BlackElo "1998"]
[PlyCount "59"]
[EventDate "2010.12.28"]

1. e4 c5 2. Nf3 g6 3. d4 cxd4 4. Qxd4 Nf6 5. e5 Nc6 6. Qa4 Nd5 7. Qe4 e6 8. Bd3
Bg7 9. O-O O-O 10. a3 d6 11. c4 Nde7 12. exd6 Qxd6 13. Nc3 Nd4 14. Nxd4 Qxd4
15. Qe2 Bd7 16. Bg5 Bf6 17. Be3 Qe5 18. Rfd1 Bc6 19. f4 Qc7 20. Rac1 Qa5 21.
Ne4 Bg7 22. b4 Qxa3 23. Bc5 Bxe4 24. Bxe4 Rfe8 25. Bxb7 Rab8 26. Be4 Nf5 27.
Qd3 Bb2 28. Rb1 a5 29. Qc2 Bf6 30. Rd3 1-0

[Event "Hastings Masters 2010-11"]
[Site "Hastings ENG"]
[Date "2010.12.30"]
[Round "3.30"]
[White "Lenier, Jude"]
[Black "Grant, Alan G"]
[Result "1-0"]
[WhiteElo "2006"]
[BlackElo "2219"]
[PlyCount "63"]
[EventDate "2010.12.28"]

1. e4 c6 2. d4 d5 3. e5 Bf5 4. Nf3 e6 5. Be2 c5 6. c3 Nc6 7. O-O cxd4 8. cxd4
Nge7 9. a3 Nc8 10. Re1 Be7 11. b4 Nb6 12. Nbd2 O-O 13. Bb2 Rc8 14. Rc1 f6 15.
Bf1 fxe5 16. dxe5 Qd7 17. h3 h6 18. Nb3 Be4 19. Nbd4 Nxd4 20. Nxd4 a6 21. Qg4
Bf5 22. Nxf5 exf5 23. Qg6 Bd8 24. e6 Qe7 25. h4 Rxc1 26. Rxc1 Nc4 27. Bxc4 dxc4
28. Rd1 c3 29. Bxc3 Qc7 30. Bb2 Bxh4 31. Rd7 Bxf2+ 32. Kh1 1-0

[Event "Hastings Masters 2010-11"]
[Site "Hastings ENG"]
[Date "2010.12.30"]
[Round "3.33"]
[White "Marusenko, Petr"]
[Black "Simon, Thomas"]
[Result "1-0"]
[WhiteElo "2206"]
[BlackElo "1971"]
[PlyCount "117"]
[EventDate "2010.12.28"]

1. d4 Nf6 2. c4 e6 3. Nc3 Bb4 4. f3 d5 5. a3 Bxc3+ 6. bxc3 c5 7. cxd5 Nxd5 8.
Qd2 Nc6 9. e4 Nf6 10. Bb2 O-O 11. Bb5 Qa5 12. a4 cxd4 13. cxd4 Qxd2+ 14. Kxd2
Rd8 15. Ke3 Nb4 16. Rc1 a6 17. Bc4 b5 18. axb5 axb5 19. Bb3 Bb7 20. Ne2 Nc6 21.
Rc5 Nd7 22. Rc2 Na5 23. Ba2 b4 24. Bb1 Ba6 25. Nc1 Rdc8 26. Rxc8+ Rxc8 27. Nd3
Nc4+ 28. Kf4 Nxb2 29. Nxb2 b3 30. Ke3 Nb6 31. Rd1 Nc4+ 32. Nxc4 Rxc4 33. Rd3
Rb4 34. Rc3 b2 35. Ra3 Bb7 36. Kd3 g5 37. Kc3 Rb6 38. Rb3 Rc6+ 39. Kd2 Ba6 40.
Bd3 Bxd3 41. Kxd3 Ra6 42. Rxb2 Kg7 43. d5 exd5 44. exd5 Ra4 45. Re2 Kf6 46. h3
Ra3+ 47. Kd4 Ra4+ 48. Kc5 Ra5+ 49. Kc6 Ra6+ 50. Kb5 Ra1 51. d6 Rb1+ 52. Kc6
Rc1+ 53. Kd7 Rd1 54. Kc7 Rc1+ 55. Kd8 Ra1 56. d7 Ra8+ 57. Kc7 Ra7+ 58. Kc8 Ra8+
59. Kb7 1-0

[Event "Hastings Masters 2010-11"]
[Site "Hastings ENG"]
[Date "2010.12.30"]
[Round "3.33"]
[White "Stewart, Ashley"]
[Black "Anderson, John"]
[Result "0-1"]
[WhiteElo "1980"]
[BlackElo "2195"]
[PlyCount "82"]
[EventDate "2010.12.28"]

1. e4 e6 2. d4 d5 3. Nc3 Bb4 4. e5 Ne7 5. Bd2 b6 6. Nf3 h6 7. Be2 Ba6 8. Nb5
Bxd2+ 9. Qxd2 O-O 10. O-O c5 11. c3 Nbc6 12. h4 Qd7 13. a4 Na5 14. Qf4 c4 15.
Nd6 Nb3 16. Ra3 Bb7 17. h5 Bc6 18. g4 f6 19. Qg3 Rad8 20. Kh2 fxe5 21. dxe5 Nc8
22. Nxc8 Rxc8 23. g5 Rf5 24. Rxb3 cxb3 25. Bd3 Rcf8 26. Bxf5 Rxf5 27. gxh6
Rxh5+ 28. Kg2 d4 29. cxd4 Qf7 30. Qxg7+ Qxg7+ 31. hxg7 Rf5 32. Rc1 Bxf3+ 33.
Kg3 Bd5 34. f4 Kxg7 35. Rc7+ Rf7 36. Rc8 Rd7 37. Rc3 Kg6 38. Kg4 Be4 39. Rxb3
Rxd4 40. Rg3 Rd3 41. Rg1 Bf5+ 0-1

[Event "Hastings Masters 2010-11"]
[Site "Hastings ENG"]
[Date "2010.12.30"]
[Round "3.34"]
[White "Hoare, Amy"]
[Black "Franklin, Samuel G A"]
[Result "0-1"]
[WhiteElo "1921"]
[BlackElo "2185"]
[PlyCount "52"]
[EventDate "2010.12.28"]

1. e4 c5 2. c3 d5 3. exd5 Qxd5 4. d4 Nf6 5. Nf3 e6 6. Be3 Be7 7. c4 Qd8 8. Nc3
cxd4 9. Nxd4 O-O 10. Be2 a6 11. O-O Qc7 12. Qc2 Nbd7 13. h3 Rb8 14. Rfd1 b6 15.
Rac1 Bb7 16. a3 Ne5 17. Qb3 Ba8 18. Bf1 Neg4 19. hxg4 Nxg4 20. f4 Nxe3 21. Nd5
Nxd5 22. cxd5 Qxf4 23. Nc6 Bxc6 24. dxc6 Bc5+ 25. Kh1 Be3 26. g3 Qxg3 0-1

[Event "Hastings Masters 2010-11"]
[Site "Hastings ENG"]
[Date "2010.12.30"]
[Round "3.35"]
[White "Lock, Gavin R"]
[Black "Campbell, Eoin"]
[Result "1-0"]
[WhiteElo "2182"]
[BlackElo "1950"]
[PlyCount "67"]
[EventDate "2010.12.28"]

1. d4 Nf6 2. Bg5 c5 3. d5 Ne4 4. Bf4 Qb6 5. Bc1 c4 6. e3 e6 7. f3 c3 8. Nxc3
Nxc3 9. bxc3 Bc5 10. Kf2 exd5 11. Ne2 O-O 12. Nf4 Re8 13. Nxd5 Qd6 14. c4 b6
15. Rb1 Bb7 16. Be2 Re5 17. Rb3 Na6 18. g3 Rae8 19. Kg2 Bxd5 20. cxd5 Nb4 21.
e4 Qf6 22. Bd3 a5 23. a3 a4 24. Rxb4 Bxb4 25. axb4 Ra8 26. Bb2 a3 27. Bxe5 Qxe5
28. Qa1 Qd6 29. Qc3 a2 30. Ra1 Qh6 31. Rxa2 Re8 32. Ra7 f5 33. Rxd7 Qe3 34.
Qxg7# 1-0

[Event "Hastings Masters 2010-11"]
[Site "Hastings ENG"]
[Date "2010.12.30"]
[Round "3.36"]
[White "Messam-Sparks, Lateefah"]
[Black "Royset, Paal"]
[Result "0-1"]
[WhiteElo "1917"]
[BlackElo "2171"]
[PlyCount "64"]
[EventDate "2010.12.28"]

1. d4 d5 2. c4 e6 3. Nc3 Be7 4. Nf3 Nf6 5. e3 O-O 6. Be2 dxc4 7. Bxc4 a6 8. O-O
b5 9. Be2 Bb7 10. Ne5 c5 11. Bf3 Qc7 12. Bxb7 Qxb7 13. dxc5 Bxc5 14. a3 Qc7 15.
Nf3 Nbd7 16. Bd2 Rac8 17. Rc1 Qb8 18. b4 Bd6 19. h3 Nb6 20. Rc2 Rfd8 21. Qe2
Rc4 22. Rcc1 Qb7 23. Nb1 Ne4 24. Rxc4 Nxc4 25. Bc1 Qd5 26. Kh1 Bg3 27. Kg1 Bc7
28. Re1 Qd6 29. g3 f5 30. Qc2 Qd5 31. Nd4 Bb6 32. Ne2 Ng5 0-1

[Event "Hastings Masters 2010-11"]
[Site "Hastings ENG"]
[Date "2010.12.30"]
[Round "3.37"]
[White "Marzano, Carlo"]
[Black "Dunlop, Neil J"]
[Result "1-0"]
[WhiteElo "2160"]
[BlackElo "1923"]
[PlyCount "97"]
[EventDate "2010.12.28"]

1. Nc3 d5 2. e3 Bf5 3. Nf3 h6 4. d4 e6 5. Bd3 Bxd3 6. Qxd3 c6 7. e4 dxe4 8.
Nxe4 Nf6 9. Nxf6+ Qxf6 10. Qb3 b6 11. a4 Bd6 12. a5 b5 13. a6 Nd7 14. Bd2 Nb6
15. Bb4 Qe7 16. Bxd6 Qxd6 17. O-O O-O 18. Rfe1 Rab8 19. Qd3 Rfc8 20. c3 Nd5 21.
b4 Rb6 22. Nd2 Nf6 23. Re3 Rc7 24. Nb3 Nd7 25. Qe2 Qf8 26. f4 Rc8 27. Qf3 Re8
28. Nc5 Qd6 29. f5 Rbb8 30. Rae1 Nxc5 31. dxc5 Qd7 32. fxe6 Rxe6 33. Rxe6 fxe6
34. Rd1 Qc8 35. Rd6 Qxa6 36. h3 Qa1+ 37. Kh2 Rf8 38. Qxc6 Qxc3 39. Qe4 Qf6 40.
c6 Rc8 41. Rxe6 Qc3 42. Qd5 Kh8 43. Qxb5 Qd4 44. Qf5 Qd2 45. Rxh6+ Qxh6 46.
Qxc8+ Kh7 47. Qf5+ Kh8 48. Qf8+ Kh7 49. c7 1-0

[Event "Hastings Masters 2010-11"]
[Site "Hastings ENG"]
[Date "2010.12.30"]
[Round "3.38"]
[White "Jackson, James P"]
[Black "Ramstad, Havard"]
[Result "1-0"]
[WhiteElo "2146"]
[BlackElo "1793"]
[PlyCount "92"]
[EventDate "2010.12.28"]

1. e4 c6 2. d4 d5 3. f3 e6 4. Nc3 Bb4 5. Nge2 Ne7 6. a3 Ba5 7. Be3 O-O 8. b4
Bc7 9. e5 b6 10. f4 Ba6 11. Ng3 Bxf1 12. Rxf1 Qd7 13. Kf2 f6 14. Kg1 fxe5 15.
fxe5 Rxf1+ 16. Qxf1 Qe8 17. Nce2 Nd7 18. Nf4 Ng6 19. Nfh5 c5 20. c3 cxd4 21.
cxd4 Rc8 22. Rc1 Bb8 23. b5 Qd8 24. Bg5 Rxc1 25. Qxc1 Qc7 26. Qc6 Ndf8 27. Ne2
Qxc6 28. bxc6 Bc7 29. Nc3 a6 30. Na2 h6 31. Be3 Ne7 32. Nb4 b5 33. Nxa6 Bb6 34.
c7 Nd7 35. Kf2 Kf7 36. Ke2 Ba5 37. Bd2 Bxd2 38. Kxd2 Nb6 39. Kc3 Nc6 {(=)} 40.
Nb8 Ne7 41. Kb4 Nc4 42. Nf4 g5 43. Ne2 Ne3 44. Kxb5 Nxg2 45. Kb6 g4 46. Kb7 Ne3
1-0

[Event "Hastings Masters 2010-11"]
[Site "Hastings ENG"]
[Date "2010.12.30"]
[Round "3.39"]
[White "Kaufeld, Juergen"]
[Black "Gibbs, Dominic V"]
[Result "1-0"]
[WhiteElo "2270"]
[BlackElo "1941"]
[PlyCount "53"]
[EventDate "2010.12.28"]

1. e4 c6 2. d4 d5 3. e5 Bf5 4. h4 h5 5. Bg5 Qb6 6. Bd3 $5 Bxd3 7. Qxd3 Qxb2 8.
e6 $1 Qxa1 9. Qb3 Qxd4 ({The most critical move is probably} 9... b6 {but after
} 10. Ne2 {White has good compensation, with the enemy queen entombed on a1.})
10. Be3 Qe5 11. Qxb7 fxe6 12. Nf3 Qd6 13. Ng5 Nh6 14. Bc5 $5 Qd8 (14... Qe5+
15. Kd1 {also leaves White with a big attack.}) 15. Qxa8 Nd7 16. Qxc6 {Now
White's material deficit is a mere pawn, and he clearly has much more than
adequate compensation.} Qa5+ 17. Nd2 Qxc5 18. Qa8+ Nb8 19. Qxb8+ Kd7 20. O-O {
The attack is overwhelming.} Qc7 21. Qb5+ Qc6 22. Qa5 a6 23. Ndf3 Qb5 24. Ne5+
Kc8 25. Qc3+ Kb8 26. a4 Qb6 27. a5 1-0

[Event "Hastings Masters 2010-11"]
[Site "Hastings ENG"]
[Date "2010.12.30"]
[Round "3.40"]
[White "Jelsen, Yemi"]
[Black "Kwiatkowski, Feliks J"]
[Result "0-1"]
[WhiteElo "1967"]
[BlackElo "2246"]
[PlyCount "54"]
[EventDate "2010.12.28"]

1. d4 Nf6 2. c4 e6 3. Nc3 Bb4 4. Qc2 O-O 5. Bg5 c5 6. e3 cxd4 7. exd4 d5 8. Nf3
Nc6 9. a3 Be7 10. Rd1 b6 11. Bd3 h6 12. Bh4 Bb7 13. O-O dxc4 14. Bxc4 Na5 15.
Be2 Rc8 16. b4 Ne4 17. Bxe7 Qxe7 18. bxa5 Nxc3 19. Ra1 b5 20. Qb2 a6 21. Rfe1
Qc7 22. Ne5 Rfd8 23. Qb4 Nxe2+ 24. Rxe2 Qc3 25. Rd1 Qxb4 26. axb4 Rxd4 27. Rb1
Rxb4 0-1

[Event "Hastings Masters 2010-11"]
[Site "Hastings ENG"]
[Date "2010.12.30"]
[Round "3.43"]
[White "Sugden, John N"]
[Black "Rolvaag, Birk Anders"]
[Result "1/2-1/2"]
[WhiteElo "2193"]
[BlackElo "1917"]
[PlyCount "68"]
[EventDate "2010.12.28"]

1. e4 e5 2. Nf3 Nf6 3. d4 exd4 4. e5 Ne4 5. Qe2 Nc5 6. Nxd4 Nc6 7. Nxc6 bxc6 8.
g3 Ba6 9. Qe3 Bxf1 10. Kxf1 Ne6 11. Nc3 Bc5 12. Qe4 Rb8 13. Kg2 f6 14. Nd1 O-O
15. c3 Rf7 16. b4 Bb6 17. a4 a5 18. bxa5 Bxa5 19. Ra2 f5 20. Qc4 f4 21. Bxf4
Nxf4+ 22. gxf4 Qh4 23. Ne3 Qxf4 24. Qxf4 Rxf4 25. c4 Re4 26. Rd1 Rd8 27. Nf5
Rxe5 28. Nd4 Rb8 29. Nf3 Re4 30. Rxd7 Rxc4 31. Ne5 Rc5 32. f4 Rd5 33. Nxc6 Rxd7
34. Nxb8 Rd6 1/2-1/2

[Event "Hastings Masters 2010-11"]
[Site "Hastings ENG"]
[Date "2010.12.30"]
[Round "3.43"]
[White "Haria, Ravi"]
[Black "Almond, Richard J"]
[Result "1/2-1/2"]
[WhiteElo "1952"]
[BlackElo "2145"]
[PlyCount "65"]
[EventDate "2010.12.28"]

1. e4 d5 2. exd5 Qxd5 3. Nc3 Qa5 4. d4 c6 5. Nf3 Nf6 6. Bd2 Qc7 7. Bc4 Bf5 8.
Ne5 e6 9. g4 Bg6 10. h4 Nbd7 11. Qe2 b5 12. Bb3 b4 13. Nd1 Be4 14. f3 Bd5 15.
g5 Nxe5 16. dxe5 Nd7 17. c4 bxc3 18. Bxc3 Qb6 19. Nf2 Bb4 20. Bc2 Qd4 21. Nd3
Bxc3+ 22. bxc3 Qxc3+ 23. Kf2 Nc5 24. Nxc5 Qxc5+ 25. Kg3 Rb8 26. Rab1 Ke7 27.
Rbc1 Qa5 28. Bb3 Rhd8 29. Qe3 Kf8 30. h5 Bxb3 31. axb3 Qd2 32. Qxd2 Rxd2 33.
Rxc6 1/2-1/2

[Event "Hastings Masters 2010-11"]
[Site "Hastings ENG"]
[Date "2010.12.30"]
[Round "3.43"]
[White "Kelly, Paul J"]
[Black "Cafferty, Bernard"]
[Result "0-1"]
[WhiteElo "1946"]
[BlackElo "2133"]
[PlyCount "96"]
[EventDate "2010.12.28"]

1. a3 d5 2. b4 Bf5 3. Nf3 e6 4. Bb2 Nd7 5. e3 Ngf6 6. d4 a5 7. b5 Nb6 8. a4 Ne4
9. c3 Be7 10. Nbd2 O-O 11. Nxe4 Bxe4 12. Nd2 Bg6 13. Ba3 Bxa3 14. Rxa3 Qd6 15.
Ra1 c5 16. Be2 Rfc8 17. O-O cxd4 18. cxd4 Bc2 19. Qc1 Qb4 20. Nf3 Nxa4 21. Qa3
Nc3 22. Rfe1 Qxa3 23. Rxa3 Nxe2+ 24. Rxe2 a4 25. h3 Ra5 26. Ne1 Bb3 27. Nd3 b6
28. Rb2 Rxb5 29. Kh2 f6 30. Kg3 Kf7 31. h4 Rc3 32. Nf4 Ra5 33. Ne2 Rc4 34. Kf4
e5+ 35. Kg3 Rc2 36. Rxc2 Bxc2 37. Rc3 a3 38. Rc7+ Ke6 39. Nc3 a2 40. Nxa2 Rxa2
41. Rc6+ Kf5 42. Rxb6 exd4 43. exd4 Ra4 44. Kh3 Rxd4 45. Rb7 Kg6 46. h5+ Kh6
47. g4 Bd1 48. g5+ fxg5 0-1

[Event "Hastings Masters 2010-11"]
[Site "Hastings ENG"]
[Date "2010.12.30"]
[Round "3.43"]
[White "Young, Mel J"]
[Black "Helbig, Paul D"]
[Result "0-1"]
[WhiteElo "1938"]
[BlackElo "2115"]
[PlyCount "76"]
[EventDate "2010.12.28"]

1. e4 e5 2. Bc4 Nf6 3. d3 Nc6 4. f4 d5 5. exd5 Nxd5 6. Bxd5 Qxd5 7. Nf3 Bg4 8.
Nc3 Qe6 9. O-O Bc5+ 10. Kh1 exf4 11. Bxf4 O-O-O 12. Qd2 f6 13. Rae1 Qf7 14. Bg3
Bxf3 15. Rxf3 Rhe8 16. Rff1 Bd4 17. Qf4 Be5 18. Qf5+ Qd7 19. Qxd7+ Rxd7 20.
Bxe5 Rxe5 21. Rxe5 Nxe5 22. h3 Nc6 23. a3 Nd4 24. Rf2 Re7 25. Ne4 f5 26. Nc3
Re1+ 27. Kh2 Rc1 28. Nd5 Rxc2 29. Rxc2 Nxc2 30. Ne7+ Kd7 31. Nxf5 g6 32. Nh4
Ne1 33. d4 Ke6 34. Kg1 g5 35. Nf3 Nxf3+ 36. gxf3 Kd5 37. Kf2 Kxd4 38. Kg3 Ke3
0-1

[Event "Hastings Masters 2010-11"]
[Site "Hastings ENG"]
[Date "2010.12.30"]
[Round "3.45"]
[White "Barton, R Alan"]
[Black "Clayton, Tristan"]
[Result "1/2-1/2"]
[WhiteElo "2103"]
[BlackElo "1791"]
[PlyCount "104"]
[EventDate "2010.12.28"]

1. d4 Nf6 2. Nf3 g6 3. c4 Bg7 4. g3 d6 5. Bg2 O-O 6. O-O c6 7. Nc3 Nbd7 8. Qc2
Re8 9. Rd1 Qc7 10. b4 e5 11. a4 Rb8 12. b5 c5 13. dxe5 Nxe5 14. Bg5 b6 15. a5
Bf5 16. axb6 axb6 17. Qb3 Be6 18. Nxe5 dxe5 19. Bxf6 Bxf6 20. Nd5 Bxd5 21. Bxd5
e4 22. Ra6 e3 23. fxe3 Qe7 24. Rf1 Kg7 25. e4 Qe5 26. Qf3 h5 27. Qf4 Re7 28.
Kg2 Rc7 29. Qxe5 Bxe5 30. Rf3 f6 31. Rfa3 Rd7 32. Ra7 Rxa7 33. Rxa7+ Kh6 34. h4
Bd4 35. Kf3 Be5 36. Re7 Bd4 37. g4 hxg4+ 38. Kxg4 Be5 39. Ra7 Bd4 40. Ra3 Be5
41. Rh3 Kg7 42. Ra3 Kh6 43. Ra7 Bd4 44. Re7 Be5 45. Re6 Bd4 46. Rc6 Be5 47. Be6
Bd4 48. Bf7 Be5 49. Re6 Bd4 50. Re7 Be5 51. Be6 Bd4 52. Bd5 Be5 1/2-1/2

[Event "Hastings Masters 2010-11"]
[Site "Hastings ENG"]
[Date "2010.12.30"]
[Round "3.46"]
[White "Dale, Hannah"]
[Black "Norinkeviciute, Rasa"]
[Result "0-1"]
[WhiteElo "1790"]
[BlackElo "2028"]
[PlyCount "72"]
[EventDate "2010.12.28"]

1. c4 g6 2. Nc3 Bg7 3. g3 d6 4. Bg2 e5 5. d3 Ne7 6. f4 c6 7. e4 Be6 8. Nge2 O-O
9. Be3 d5 10. cxd5 cxd5 11. fxe5 Bxe5 12. Bh6 Re8 13. d4 Bh8 14. O-O Nbc6 15.
e5 Nf5 16. Qd2 Nxh6 17. Qxh6 Bg7 18. Qf4 Qd7 19. Rf2 Rf8 20. Qe3 Ne7 21. Nf4
Rad8 22. Rd1 b5 23. Nxe6 fxe6 24. Rdf1 b4 25. Rxf8+ Rxf8 26. Rxf8+ Bxf8 27. Ne2
{(=)} Qa4 28. Qb3 Qxb3 29. axb3 Kf7 30. Bh3 Bh6 31. Kf2 Nc6 32. Bg4 Na5 33. Bf3
Nxb3 34. g4 Bd2 35. h4 a5 36. h5 a4 0-1

[Event "Hastings Masters 2010-11"]
[Site "Hastings ENG"]
[Date "2010.12.30"]
[Round "3.47"]
[White "Pickersgill, Adrian O"]
[Black "Pooley, Mark"]
[Result "1-0"]
[WhiteElo "2026"]
[BlackElo "1778"]
[PlyCount "85"]
[EventDate "2010.12.28"]

1. e4 g6 2. d4 Bg7 3. Nf3 c6 4. a4 d5 5. Nc3 Bg4 6. e5 e6 7. h3 Bxf3 8. Qxf3
Nd7 9. a5 a6 10. b4 f6 11. exf6 Qxf6 12. Qxf6 Bxf6 13. Be3 Ne7 14. Na4 Nf5 15.
O-O-O Nxe3 16. fxe3 Bg5 17. Re1 O-O 18. h4 Bh6 19. Nc5 Nxc5 20. bxc5 Rf2 21. h5
Kg7 22. hxg6 hxg6 23. Rh3 Raf8 24. Bd3 Rxg2 25. Reh1 Rh8 26. Kb2 Rf2 27. Kc3
Rff8 28. Rg3 Rf6 29. Rb1 Rb8 {(=)} 30. Bxa6 Rf7 31. Bd3 g5 32. a6 Re7 33. Rh3
e5 34. dxe5 Rxe5 {(=)} 35. a7 Ree8 36. axb8=Q Rxb8 37. Ba6 Kg6 38. Rxb7 Bg7+
39. Kd2 Rf8 40. Bd3+ Kf6 41. Rc7 g4 42. Rxc6+ Kg5 43. Rg6# 1-0

[Event "Hastings Masters 2010-11"]
[Site "Hastings ENG"]
[Date "2010.12.30"]
[Round "3.48"]
[White "Malhotra, Tarun"]
[Black "Calvert, D Ian"]
[Result "1/2-1/2"]
[WhiteElo "1913"]
[BlackElo "1981"]
[PlyCount "101"]
[EventDate "2010.12.28"]

1. e4 d5 2. exd5 Qxd5 3. Nc3 Qd6 4. d4 Nf6 5. Nf3 c6 6. g3 Bg4 7. Bg2 e6 8. h3
Bxf3 9. Bxf3 Nbd7 10. O-O O-O-O 11. Ne2 e5 12. Be3 exd4 13. Qxd4 Qxd4 14. Bxd4
Bc5 15. Bc3 Rhe8 16. b4 Bb6 17. Nf4 Ne5 18. Bxe5 Rxe5 19. Rad1 Rxd1 20. Rxd1
Re8 21. c4 Rd8 22. Rxd8+ Bxd8 23. a4 Be7 24. Nd3 Nd7 25. a5 a6 26. Kf1 Kc7 27.
Ke2 Bf6 28. Kd2 Ne5 29. Nxe5 Bxe5 30. Be4 g6 31. g4 h6 32. Kc2 g5 33. Kb3 Bd4
34. f3 Bf2 35. Ka4 Be1 36. b5 cxb5+ 37. cxb5 axb5+ 38. Kxb5 Bd2 39. a6 bxa6+
40. Kxa6 Kd6 41. Kb7 f6 42. Kc8 Ke7 43. Kc7 Kf7 44. Kd7 Kg7 45. Ke7 Bf4 46. Bf5
Bg3 47. Ke6 Be5 48. Kd5 Bg3 49. Ke4 Bf4 50. h4 Bg3 51. hxg5 1/2-1/2

[Event "Hastings Masters 2010-11"]
[Site "Hastings ENG"]
[Date "2010.12.30"]
[Round "3.49"]
[White "White, Michael J R"]
[Black "Armstrong, Malcolm J"]
[Result "1-0"]
[WhiteElo "2247"]
[BlackElo "1957"]
[PlyCount "51"]
[EventDate "2010.12.28"]

1. e4 c6 2. c4 e5 3. Nf3 d6 4. d4 Bg4 5. Be2 Nd7 6. O-O Be7 7. Nc3 Ngf6 8. Be3
O-O 9. Qc2 Qc7 10. Rac1 Rfe8 11. h3 Bxf3 12. Bxf3 Bf8 13. a3 g6 14. b4 Bg7 15.
d5 cxd5 16. cxd5 Rec8 17. Qd3 Qb8 18. Nb5 Rxc1 19. Rxc1 Ne8 20. Bg4 Qd8 21.
Nxa7 Ndf6 22. Bc8 Rb8 23. a4 Qe7 24. a5 Nc7 25. b5 Nfe8 26. a6 1-0

[Event "Hastings Masters 2010-11"]
[Site "Hastings ENG"]
[Date "2010.12.30"]
[Round "3.50"]
[White "Sargent, John"]
[Black "Jaunooby, Ali R"]
[Result "0-1"]
[WhiteElo "1770"]
[BlackElo "2207"]
[PlyCount "92"]
[EventDate "2010.12.28"]

1. e4 e5 2. Nf3 Nf6 3. Nc3 Nc6 4. Bb5 Nd4 5. Ba4 Bd6 6. d3 c6 7. Nxd4 exd4 8.
Ne2 a5 9. c3 {(=)} b5 10. Bc2 dxc3 11. bxc3 Qe7 12. Bf4 Ba3 13. O-O O-O 14. Re1
d5 15. f3 {(=)} dxe4 16. dxe4 Bb2 17. Bd6 Qa7+ 18. Kh1 Rd8 19. Rb1 Ba3 20. e5
Bxd6 21. exd6 Qc5 22. Qd4 Qxd6 23. Qh4 Re8 24. Red1 Qc5 25. Rd2 {(=)} Be6 26.
Rbd1 h6 27. Be4 Bd5 28. Bxd5 Nxd5 29. Qd4 Qxd4 30. Nxd4 Nxc3 31. Rc1 c5 32. Nb3
c4 33. Nd4 Rad8 34. h3 b4 35. a3 Re3 36. Nf5 Red3 37. Rdc2 Rd1+ 38. Kh2 Rxc1
39. Rxc1 Rd1 40. Rc2 Rd3 41. Ne7+ Kf8 42. Nc6 b3 43. Rb2 Rd5 44. Kg3 Ke8 45.
Kf4 f6 46. Nb8 Rd6 0-1

[Event "Hastings Masters 2010-11"]
[Site "Hastings ENG"]
[Date "2010.12.30"]
[Round "3.53"]
[White "Torgersen, Markus"]
[Black "Quinn, Joseph R"]
[Result "1/2-1/2"]
[WhiteElo "1741"]
[BlackElo "1815"]
[PlyCount "67"]
[EventDate "2010.12.28"]

1. c4 e5 2. g3 Nc6 3. Nc3 Nf6 4. Bg2 d6 5. e3 g6 6. Nge2 Bg7 7. O-O O-O 8. d3
Ne7 9. b4 c6 10. f4 exf4 11. exf4 Ng4 12. h3 Qb6+ 13. d4 Nh6 14. Rb1 Rd8 15.
Be3 Qa6 16. b5 Qa5 17. Qd2 c5 18. Nd5 Qxd2 19. Nxe7+ Kf8 20. Nxg6+ hxg6 21.
Bxd2 cxd4 22. g4 Ng8 23. Rfd1 Re8 24. Ng3 Rb8 25. Bb4 Rd8 26. Be1 Be6 27. Bf1
Rbc8 28. Rbc1 Rc7 29. Bf2 Rdc8 30. Ne4 d5 31. Nd6 Rd8 32. cxd5 Rxc1 33. Rxc1
Bxd5 34. Nc8 1/2-1/2